What If? Marvel Character Quiz - Statistics

General Stats
  • This quiz has been taken 206 times
    184 since last reset
  • The average score is 58 of 106
Answer Stats
Episode (s) Hint Answer % Correct
1,5 Steve’s childhood friend Bucky Barnes
91%
1,9 Above’s real name Peggy Carter
89%
1,2,3,4,5,6,7,8,9 Narrator of the show The Watcher
89%
3,7,9 Prince of Asgard Thor Odinson
85%
2,5,8 Mad Titan Thanos
83%
1,3,5,8 Bow-wielding Avenger Hawkeye
82%
1,3,7,9 Director of SHIELD Nick Fury
82%
2,7 Above’s daughter Nebula
80%
2,5,6,9 Prince of Wakanda T’Challa
80%
1,5,8,9 Above’s real name Steve Rogers
79%
1 Leader of HYDRA Red Skull
78%
1 Creator of the Hydra Stomper Howard Stark
76%
3,7,9 Frost Giant Loki Laufeyson
76%
5,6 T’Challa’s superhero name Black Panther
75%
5,9 Steve’s superhero name Captain America
75%
1,9 Super Soldier Captain Carter
75%
1,3,5,8 Above’s real name Clint Barton
75%
8,9 Attempts to fight Ultron at the Sovereign Gamora
75%
3,5,8 Angry Avenger Hulk
75%
3,5,8,9 First Avenger killed in the episode Iron Man
75%
2,8,9 Works at Dairy Queen Peter Quill
75%
3,5,6,8,9 Above’s real name Tony Stark
75%
5 Above’s real name Peter Parker
74%
4,5 Master of the Mystic Arts Doctor Stephen Strange
73%
5 Above’s superhero name Ant Man
72%
4,8,9 Evil version of above Doctor Strange Supreme
72%
5 Web-slinger Spider-Man
72%
5 Android immune to the zombies Vision
72%
2,7 Leader of the Ravagers Yondu Udonta
72%
3,5,8,9 Avenger framed for killing Iron Man Black Widow
71%
3,5 Above’s real name Bruce Banner
70%
2,7 Part of the Collector’s collection Howard the Duck
70%
5,9 Zombie being fed by Vision Scarlet Witch
70%
4,5 Sorcerer friends with Strange Wong
70%
2,8,9 Legendary outlaw Star Lord
69%
5,9 Above’s real name Wanda Maximoff
69%
2,6,9 Princess of Wakanda Shuri
68%
7,8,9 Armed with all the infinity stones Ultron
68%
6,9 Saved Tony Stark Erik Killmonger
67%
7,9 Falls in love with Thor Jane Foster
66%
3,5,8,9 Above’s real name Natasha Romanoff
65%
5 Explodes out of Sharon Wasp
64%
3,7,8,9 Called by Fury at the end of the episode Captain Marvel
63%
2 Owner of Cap’s shield and Hela’s helmet Collector
63%
7 Is in Odinsleep Odin
63%
7 Thor’s mother Frigga
59%
3,5 Scientist angry at SHIELD Hank Pym
59%
5,6 Fed up with being the driver Happy Hogan
59%
2,5,6 Leader of the Dora Milaje Okoye
59%
6,9 Stark Industries employee, suspicious of Killmonger Pepper Potts
59%
5 Head in a jar Scott Lang
59%
1,8,9 HYDRA scientist Arnim Zola
57%
2,8,9 Wants Peter Quill Ego
57%
1,9 Iron-Man-like suit Hydra Stomper
57%
7 Acting director of SHIELD Maria Hill
57%
2,6 King of Wakanda T’Chaka
57%
7,8 Ruler of Sakaar Grandmaster
56%
7 Controls the Bifrost Heimdall
56%
5 Above’s real name Hope van Dyne
54%
3,6,8 US General hunting the Hulk Thaddeus Ross
52%
4 Strange’s love Christine Palmer
51%
2,7,8 Bartender Drax
51%
7 Rabbit partying on Earth Rocket
51%
5 Agent infected by Captain America Sharon Carter
50%
3,7,8,9 Above’s real name Carol Danvers
49%
5 Zombie Avenger killed by Okoye Falcon
49%
6 Framed for killing Black Panther James Rhodes
49%
3 Professor at Culver University Betty Ross
48%
4,6 Reporter Christine Everhart
48%
2 Member of the Black Order Proxima Midnight
48%
4 Split Strange into two Ancient One
47%
2,5 Member of the Black Order Ebony Maw
47%
3,7 Asgardian warrior Sif
47%
5 Above’s real name Sam Wilson
44%
3,7 Captain America fan Phil Coulson
43%
3 Suit worn by above Yellowjacket
43%
6 Vibranium supplier Ulysses Klaue
41%
2,5 Member of the Black Order Cull Obsidian
40%
7 Marries Howard the Duck Darcy Lewis
39%
1 Above’s real name Johann Schmidt
38%
6 CEO of Stark Industries Obadiah Stane
38%
2,6 Queen of Wakanda Ramonda
38%
2 Ravager Kraglin
37%
7 Scrapper partying on Earth Valkyrie
37%
2 Member of the Black Order Corvus Glaive
36%
7 Guardian partying on Earth Mantis
36%
1 Creator of the super soldier serum Abraham Erskine
33%
2 Ravager Taserface
32%
3,7 Member of the Warriors Three Volstagg
32%
7,8 Knocks Nick Fury out Korg
31%
7 Flirts with the Statue of Liberty Surtur
31%
3,7 Member of the Warriors Three Fandral
30%
3,7 Member of the Warriors Three Hogun
29%
1 Member of the Howling Commandos Dum Dum Dugan
28%
5 Scared of Baba Yaga Kurt
26%
7 Executioner partying on Earth Skurge
26%
3,7,9 STRIKE team leader Brock Rumlow
24%
2 Above’s real name Tanleer Tivan
24%
2 Collector’s assistant Carina
22%
9 Elf on Nidavellir Eitri
22%
7 Grandmaster’s bodyguard Topaz
22%
9 Pirate on the Lemurian Star Georges Batroc
17%
2 Betrayed Ronan Korath
17%
1 Head of the SSR and against Peggy Colonel John Flynn
10%
3 STRIKE team member Jack Rollins
7%
4 Librarian who helped Doctor Strange Supreme O’Bengh
7%
No matching quizzes found
Score Distribution
Percent of People with Each Score
Percentile by Number Answered
Your Score History
You have not taken this quiz since the last reset